| 000 | 01427nam a2200349 4500 | ||
|---|---|---|---|
| 001 | 0000016165 | ||
| 003 | CO-CtgCURN | ||
| 005 | 20250429224004.0 | ||
| 007 | ta | ||
| 008 | 160627s1989 000 0 eng d | ||
| 020 | _a9682428408 | ||
| 040 |
_aCO-CtgCURN _bspa _ccoctgcurn |
||
| 082 | 0 |
_a370.092 _bJ68r |
|
| 100 | 1 | _aJouvenet, Louis Pierre. | |
| 245 | 1 | 0 |
_aRousseau : _bpedagogia y política / _cLouis-Pierre Jouvenet , traducción Hel ne Levesque Dion. |
| 260 |
_aMexico : _bTrillas, _c1989. |
||
| 300 | _a104 p. | ||
| 336 | _2rdacontent | ||
| 337 |
_2rdamedia _asin mediacion _bn |
||
| 338 |
_2rdacarrier _avolumen _bnc |
||
| 490 | 1 |
_aBiblioteca grandes educadores ; _v3 |
|
| 500 | _aTraducción de: Rosseau. Pedagogie et politique. | ||
| 504 | _aBibliografia (p. 97-101) | ||
| 505 | 8 | _aepoca historica y biografia.--La complejidad del pensamiento pedagogico-politico y el pensamiento pedagogico politico de la complejidad.--El contrato autoridad-libertad.--La educación negativa.--La institucion del subdito de derecho.--Emilio.--La nueva Eloisa.--El contrato social | |
| 650 | 1 | 4 | _aEducación. |
| 700 | 1 | _aRousseau, Jean Jacques. | |
| 908 | _a160627 | ||
| 942 |
_cBK _h370.092 _iJ68r _2ddc |
||
| 999 |
_c34483 _d34483 |
||